01208nam a22001817a 450000500170000000800410001704000250005804100080008304400070009110000260009824501260012426000960025030000340034652005850038065000170096565000180098265000260100020180803165510.0131113b2003 ck ||||| |||| 00| 0 spa d aCO-BoIAVHcCO-BoIAVH aspa ack aGasca A- Hector Jaime aProtocolos para el manejo de especies de escarabajos dynastes spp en sistemas de aprovechamiento comercialbInforme final aBogotabInstituto de Investigación de Recursos Biológicos Alexander von Humboldtc2003 a23 p.btablas,figurasc27 cm. ae analizan los factores ecológicos determinantes para el aprovechamiento y manejo sostenible de poblaciones de escarabajos Dynastes spp. como: biología, nivel ecosistémico, demografía y ecología trófica. Se diseña un modelo para la implementación del aprovechamiento de poblaciones de escarabajos Dynastes spp. in situ. Se analiza la factibilidad biológica que permite conocer el estado actual del recurso, es decir, se hace un diagnóstico preliminar de las poblaciones de escarabajos y de la condición y/o calidad del hábitat en donde estas se encuentran. aConservacion aBiodiversidad aEscarabajoszColombia